000 00653cam a2200193 4500500
005 20260405004032.0
041 _afre
042 _adc
100 1 0 _aOrtoli, Sven
_eauthor
700 1 0 _aLarmagnac-Matheron, Octave
_eauthor
245 0 0 _aÉric Fiat : "La vraie morale se moque 
de la morale"
260 _c2019.
500 _a49
690 _aBlaise Pascal
690 _aMorale
690 _aPensées
786 0 _nPhilosophie magazine - Hors séries | Hors-série - Été 2019 | HS42 | 2019-07-01 | p. 20-21 | 2104-9246
856 4 1 _uhttps://shs.cairn.info/magazine-philosophie-magazine-2019-hs42-page-20?lang=fr&redirect-ssocas=7080
999 _c2073094
_d2073094